| 000 | 00478nam a2200169Ia 4500 | ||
|---|---|---|---|
| 008 | 131103s9999 xx 000 0 und d | ||
| 040 | _aLoreto College | ||
| 041 | _aEnglish | ||
| 082 |
_a920/OSU _bLCLIB/ |
||
| 100 | _aO'sullivan, Maurice | ||
| 245 |
_aTwenty years a growing _cmaurice o' Sullivan |
||
| 260 |
_aHarmondsworth _bPenguin Books _c1938 |
||
| 300 |
_axii,246p. _c 18cm. |
||
| 650 | _aO'sullivan, Maurice - Autobiography | ||
| 850 | _aLCLIB/920/OSU | ||
| 942 | _cBK | ||
| 999 |
_c25031 _d75510 |
||